Amateurfotos aus der Tschechoslowakei /

Hlavní autor: Rýpar, Vladimír, 1903-1969
Další autoři: Souček, Ludvík, 1926-1978, Utitzová, Otylie, Denešová, Alice, Reverseau, Jeanne
Jazyk: Němčina
Francouzština
Angličtina
Vydáno: Prague : Artia, 1963
Fyzický popis: [27] s., [96] s. obr. příl. : il. ; 8°
Language note: Souběžný anglický a francouzský text
Knihy
Uloženo v:
LEADER 01151nam a22003132a 4500
001 001757589
003 CZ BrMZK
005 20210301142604.0
007 ta
008 200708s1963 xr af er|||||||||||ger d
015 |a cnb000477622 
035 |a (OCoLC)42126392 
040 |a ABA001  |b cze  |c OLA001  |d ABA001  |d BOA001 
041 1 |a ger  |a eng  |a fre  |h cze 
080 9 |a 77.04(437)=3=2=4 
100 1 |a Rýpar, Vladimír,  |d 1903-1969  |7 jk01103361  |4 aut 
245 1 0 |a Amateurfotos aus der Tschechoslowakei /  |c Auswahl von Vladimír Rýpar und Ludvík Souček ; [překlady] von Otilie Utitzová, by Alice Denešová, Jeanne Reverseau 
260 |a Prague :  |b Artia,  |c 1963 
300 |a [27] s., [96] s. obr. příl. :  |b il. ;  |c 8° 
500 |a Přeloženo z češtiny 
546 |a Souběžný anglický a francouzský text 
700 1 |a Souček, Ludvík,  |d 1926-1978  |7 jk01120474  |4 aut 
700 1 |a Utitzová, Otylie  |4 trl 
700 1 |a Denešová, Alice  |4 trl 
700 1 |a Reverseau, Jeanne  |4 trl 
910 |a BOA001  |b 3-0509.952 
990 |a BK 
991 |b 202007 
996 6 |b 2618889428  |c 3-0509.952  |l MZK  |r Sklad / do 1 hodiny  |n 0  |w 001812399  |u 000010  |a 1  |e BOA001  |j MZK50  |s P